Statistiken für Top 15 Länder mit Covid-19-Todesfällen - 4. August 2021

Klicken Sie hier um das Quiz zu spielen!

Allgemein

  • Dieses Quiz wurde 12 mal gespielt
  • Das Durchschnittsergebnis liegt bei 15 aus 25

Antwortstatistiken

Land% Korrekt
Deutschland
100%
Vereinigte Staaten
100%
Indien
92%
Mexiko
92%
Spanien
92%
Brasilien
83%
Frankreich
83%
Italien
83%
Russland
83%
Vereinigtes Königreich
83%
Argentinien
67%
Peru
67%
Kolumbien
58%
Kroatien
58%
Iran
50%
Belgien
42%
Indonesien
42%
Slowakei
42%
Tschechien
42%
Ungarn
42%
Bosnien und Herzegowina
33%
Slowenien
33%
Bulgarien
25%
Nordmazedonien
25%
Paraguay
8%

Verteilung der Resultate

Perzentil nach korrekt beantworteten Fragen

Anzahl Personen mit jedem Resultat

Ihre Resultats-Entwicklung

Sie haben dieses Quiz noch nicht gespielt